| 000 | 00869nam a2200229Ii 4500 | ||
|---|---|---|---|
| 003 | JO-AjNU | ||
| 008 | 230605s9999||||xx |||||||||||||| ||und|| | ||
| 017 | _a2011/6/2406 | ||
| 020 | _a978-9957-19-043-9 | ||
| 040 |
_aJO-AjNU _bara _erda _cJO-AjNU |
||
| 041 | _aara | ||
| 050 | 1 | 4 | _aHQ799.A6.S53 2011 |
| 100 | 3 |
_aالطويسي، عادل ... وآخرون؛ مراجعة وتقديم تيسير أبو عرجة, _eauthor _946264 |
|
| 245 | 0 | 0 | _aالشباب وعالم متغير |
| 250 | _aط1 | ||
| 264 | 3 | 1 | _aعمان: بيروت: مؤسسة عبد الحميد شومان، المؤسسة العربية للدراسات والنشر، 2011 |
| 300 | _a137ص | ||
| 336 |
_atext _btxt _2rdacontent |
||
| 337 |
_aunmediated _bn _2rdamedia |
||
| 338 |
_avolume _bnc _2rdacarrier |
||
| 650 | 4 |
_aالشباب - القيم - عالم جديد - الاردن _946265 |
|
| 999 |
_aA20113 _c23681 _d23681 |
||